Architectural details, Vol.I (Record no. 12291)
[ view plain ]
| 000 -LEADER | |
|---|---|
| fixed length control field | 00278 a2200121 4500 |
| 003 - CONTROL NUMBER IDENTIFIER | |
| control field | OSt |
| 005 - DATE AND TIME OF LATEST TRANSACTION | |
| control field | 20240117121250.0 |
| 008 - FIXED-LENGTH DATA ELEMENTS--GENERAL INFORMATION | |
| fixed length control field | 240117b ||||| |||| 00| 0 eng d |
| 020 ## - INTERNATIONAL STANDARD BOOK NUMBER | |
| International Standard Book Number | 9788972129831 |
| 100 ## - MAIN ENTRY--PERSONAL NAME | |
| Personal name | Seonghee Yang |
| 245 ## - TITLE STATEMENT | |
| Title | Architectural details, Vol.I |
| 942 ## - ADDED ENTRY ELEMENTS (KOHA) | |
| Source of classification or shelving scheme | |
| Withdrawn status | Lost status | Source of classification or shelving scheme | Damaged status | Koha normalized classification for sorting | Not for loan | Permanent location | Current location | Date acquired | Source of acquisition | Cost, normal purchase price | Full call number | Barcode | Date last seen | Cost, replacement price | Price effective from | Koha item type |
|---|---|---|---|---|---|---|---|---|---|---|---|---|---|---|---|---|
| 720_000000000000000 | BMS College of Architecture, Design and Planning | BMS College of Architecture, Design and Planning | 2024-01-17 | 1 | 5001.75 | 720 | AR-UG3585 | 2024-01-17 | 6669.00 | 2024-01-17 | UG Books |